000 00648nam a2200253Ia 4500
003 OSt
005 20220912151842.0
006 a|||||r|||| 00| 0
007 ta
008 220909b |||||||| |||| 00| 0 eng d
024 _a64841
037 _cTextual
040 _aCSL
_beng
_cCSL
041 _aeng
082 _aB27, L15
100 _aStenstrom B
245 0 _aRings and modules of quotients
260 _aBerlin
_bSpringer-Verlag
_c1971
300 _a136p.
_ccm.
490 _aLecture notes in mathematics; 237
650 _aGroup theory
942 _hB27, L15
_cTEXL
_2CC
999 _c76050
_d76050